[Event "Aragon-chT Preferente Gr I"]
[Site "Aragon"]
[Date "2022.02.26"]
[Round "5.40"]
[White "Herranz Gracia, Diego"]
[Black "Jarabo Marin, Pablo"]
[Result "1/2-1/2"]
[WhiteElo "1460"]
[BlackElo "1309"]
[PlyCount "48"]
[EventDate "2022.01.29"]
[EventType "team-tourn"]
[EventRounds "9"]
[EventCountry "ESP"]
[SourceTitle "EXT 2024"]
[Source "ChessBase"]
[SourceDate "2023.10.10"]
[SourceVersion "1"]
[SourceVersionDate "2023.10.10"]
[SourceQuality "1"]
[WhiteTeam "Palacio de Pioneros IV"]
[BlackTeam "Delicias II"]
[WhiteTeamCountry "ESP"]
[BlackTeamCountry "ESP"]

1. d4 d5 2. Bf4 Nf6 3. e3 a6 4. Nf3 Bf5 5. c4 e6 6. Qb3 b6 7. Nc3 Be7 8. Rc1 0-0 9. Ne5 c5 10. cxd5 exd5 11. dxc5 bxc5 12. Qb7 Nbd7 13. Nc6 Qe8 14. Nxe7+ Qxe7 15. Nxd5 Nxd5 16. Qxd5 Be6 17. Qd2 Qf6 18. Bc4 Rfd8 19. Bxe6 Qxe6 20. Rd1 Nf8 21. Qa5 Rxd1+ 22. Kxd1 Qg4+ 23. Kc1 Qxg2 24. Qe1 Qd5 1/2-1/2